Die Generalversammlung der Aktiengesellschaft und die Opposition von Dr. Helmut Möhring. 1926

Elmentve itt :
Bibliográfiai részletek
Dokumentumtípus: Cikk
Megjelent: 1926
Sorozat:Polgári jog : a hazai és külföldi magánjog és hiteljog szemléje 2
Kulcsszavak:Möhring Helmut, Jogtudomány szakirodalom könyvismertetés
Online Access:http://misc.bibl.u-szeged.hu/4339
LEADER 00648nab a2200157 i 4500
001 misc4339
005 20191106143032.0
008 170607s1926 hu o 0|| hun d
040 |a SZTE Miscellanea Repozitórium  |b hun 
041 |a hun 
245 0 4 |a Die Generalversammlung der Aktiengesellschaft und die Opposition von Dr. Helmut Möhring. 1926  |h [elektronikus dokumentum] 
260 |c 1926 
300 |a 319a 
490 0 |a Polgári jog : a hazai és külföldi magánjog és hiteljog szemléje  |v 2 
695 |a Möhring Helmut, Jogtudomány szakirodalom könyvismertetés 
856 4 0 |u http://misc.bibl.u-szeged.hu/4339/1/polgari_jog_1926_319a.pdf  |z Dokumentum-elérés